Сборник задач и упражнений по химии: учебное пособие

Détails bibliographiques
Auteur principal: Гольбрайх З. Е. Зиновий Ефимович
Autres auteurs: Маслов Е. И. Евдоким Ионович
Langue:russe
Publié: Москва, Высшая школа, 1997
Édition:5-е изд.,перераб. и доп.
Sujets:
Format: Livre
KOHA link:https://koha.lib.tpu.ru/cgi-bin/koha/opac-detail.pl?biblionumber=3861

MARC

LEADER 00000nam0a2200000 4500
001 3861
005 20231101204333.0
010 |a 5060025853 
035 |a (RuTPU)RU\TPU\book\3883 
035 |a BOOK00003893 
090 |a 3861 
100 |a 20011209d1997 m y0rusy50 ca 
101 0 |a rus 
102 |a RU 
105 |a y j 000zy 
200 1 |a Сборник задач и упражнений по химии  |e учебное пособие  |f З. Е. Гольбрайх, Е. И. Маслов 
205 |a 5-е изд.,перераб. и доп. 
210 |a Москва  |c Высшая школа  |d 1997 
215 |a 384 с. 
451 1 |0 (RuTPU)RU\TPU\book\72131  |y 5-17-011684-5  |t Сборник задач и упражнений по химии  |o учебное пособие для студентов   |f З. Е. Гольбрайх, Е. И. Маслов  |e 6-е изд.  |c Москва  |n АСТ  |d 2004  |p 383 с.  |a Гольбрайх, Зиновий Ефимович 
451 1 |0 (RuTPU)RU\TPU\book\35090  |t Сборник задач и упражнений по химии  |o учебное пособие  |f З. Е. Гольбрайх  |e 4-е изд., перераб. и доп.  |c Москва  |n Высшая школа  |d 1984  |p 224 с.  |s Высшая школа  |a Гольбрайх, Зиновий Ефимович 
606 1 |a Химия  |2 stltpush  |3 (RuTPU)RU\TPU\subj\17362  |9 43035 
610 1 |a учебные пособия 
610 1 |a практические пособия 
610 1 |a задачи 
610 1 |a упражнения 
675 |a 54(076)  |v 3 
700 1 |a Гольбрайх  |b З. Е.  |g Зиновий Ефимович 
701 1 |a Маслов  |b Е. И.  |g Евдоким Ионович 
801 0 |a RU  |b 63413507  |c 20011209  |g PSBO 
801 2 |a RU  |b 63413507  |c 20201118  |g PSBO 
942 |c BK